header

Time's up! (Record no. 97323)

MARC details
000 -LEADER
fixed length control field 01904nam a2200397Ia 4500
082 04 - DEWEY DECIMAL CLASSIFICATION NUMBER
Classification number 949.5/85
245 00 - TITLE STATEMENT
Title Time's up!
260 ## - PUBLICATION, DISTRIBUTION, ETC. (IMPRINT)
Place of publication Athens :
Name of publisher Danish Institute at Athens ;
Place of publication Aarhus :
Name of publisher Aarhus University Press [Distr.],
Year of publication 2009.
300 ## - PHYSICAL DESCRIPTION
Number of Pages 298 p. :
Other physical details ill. (some col.), maps (some col.).
650 #0 - SUBJECT ADDED ENTRY--TOPICAL TERM
Topical Term Archaeological dating
Topical Term Minoans
700 1# - ADDED ENTRY--PERSONAL NAME
Personal name Friedrich, Walter L.
Personal name Heinemeier, Jan.
Personal name Warburton, David.
856 40 - ELECTRONIC LOCATION AND ACCESS
Uniform Resource Identifier http://site.ebrary.com/lib/rucke/Doc?id=10607626

No items available.

© 2026 Rongo University
Contact us: librarian | system librarian | Rongo university